Secciones sindicales y delegados sindicales

Detalles Bibliográficos
Autor principal: Preciado Domňech, Carlos Hugo
Formato: eBook
Lenguaje:español
Publicado: Albacete: Editorial Bomarzo, 2015
Materias:
Acceso en línea:Acceso restringido

MARC

LEADER 00000nam a22000007a 4500
005 20170926232215.0
007 cr|||| ||||
008 170926s2015 es |||||s|||| 00||0 spa d
020 |a 978-85-15923-89-3 
035 |a 20607 
040 |a vLex 
090 |c 7009  |d 7009 
100 1 |a Preciado Domňech, Carlos Hugo 
245 1 0 |a Secciones sindicales y delegados sindicales  |h [Recurso electrn̤ico] /  |c Carlos Hugo Preciado Domňech 
256 |a Servicio en ln̕ea 
260 |a Albacete:  |b Editorial Bomarzo,  |c 2015 
300 |a 1 recurso electrn̤ico 
506 1 |a Disponible solo en los productos indicados  |d vLex Global  |d vLex Global (Academic Edition, excluding Law Schools)  |d vLex Global (U.S. Academic Edition, Law Schools)  |d vLex Global (U.S. Academic Edition, excluding Law Schools)  |d vLex Global (Academic Edition, Law Schools) 
650 0 4 |a Derecho Laboral y Seguridad Social  |z Espaą 
740 0 |a vLex Libros (Servicio en ln̕ea) 
856 4 0 |u http://vlex.com/source/secciones-sindicales-delegados-sindicales-20607  |z Acceso restringido 
942 |c BOOK 
999 0 |a Labor law and social security